000
00285nam a2200109Ia 4500
008
220204s9999 xx 000 0 und d
082
_a
659.3
_b
RIV
100
_a
Rivers, William L
245
0
_a
Mass media: Reporting writing editing
260
_a
New Delhi
_b
Universal
_c
1967
942
_c
BK
999
_c
21196
_d
21196